00309nam a2200109Ia 4500008004100000020001800041040002900059050002900088100000800117245004800125260002600173221021s9999||||xx |||||||||||||| ||und|| a9966-44-609-5 cChuka University Library aQH 308.7 b.K46 2005 V.4 aKLB 0aSecondary biology form four: students' book aNairobibK.L.B.c2005